Tratado de economía política / (Record no. 134474)

MARC details
000 -LEADER
campo de control de longitud fija 00851nam a2200205 i 4500
001 - NÚMERO DE CONTROL
campo de control 134474
003 - IDENTIFICADOR DE NÚMERO DE CONTROL
campo de control ES-MaACL
005 - FECHA Y HORA DE LA ÚLTIMA TRANSACCIÓN
campo de control 20250721062624.0
007 - CAMPO FIJO DE DESCRIPCIÓN FÍSICA--INFORMACIÓN GENERAL
campo de control de longitud fija t|
008 - DATOS DE LONGITUD FIJA--INFORMACIÓN GENERAL
campo de control de longitud fija 070911s1940 sp |||| | spa d
100 1# - ENTRADA PRINCIPAL--NOMBRE DE PERSONA
Nombre de persona Weber, Adolf.
9 (RLIN) 116248
245 10 - MENCIÓN DEL TÍTULO
Título Tratado de economía política /
Mención de responsabilidad, etc. Adolfo Weber ; traducción directa del alemán por José Alvarez Cienfuegos y Cobos.
260 ## - PUBLICACIÓN, DISTRIBUCIÓN, ETC.
Lugar de publicación, distribución, etc. Barcelona :
Nombre del editor, distribuidor, etc. Bosch,
Fecha de publicación, distribución, etc. 1940.
300 ## - DESCRIPCIÓN FÍSICA
Extensión 4 v. ;
Dimensiones 22 cm.
505 8# - NOTA DE CONTENIDO CON FORMATO
Nota de contenido con formato Contiene: I. Introducción al estudio de la economía política - II. Teoría general de la economía política - III. Política agraria, de las artes y oficios e industrial - IV. Política comercial y de los transportes
650 07 - PUNTO DE ACCESO ADICIONAL DE MATERIA--TÉRMINO DE MATERIA
Término de materia o nombre geográfico como elemento de entrada Economía
Fuente del encabezamiento o término embne
9 (RLIN) 12006
700 0# - ENTRADA AGREGADA--NOMBRE PERSONAL
Nombre de persona Alvarez de Cienfuegos y Cobos, José.
9 (RLIN) 20756
852 ## - LOCALIZACIÓN
Ubicación ES-MaACL
Número de control de estantería F-15766-69
Holdings
Estatus retirado Estado de pérdida Estado de daño No para préstamo Biblioteca de origen Biblioteca actual Ubicación en estantería Fecha de adquisición Fuente de adquisición Total de préstamos Signatura topográfica completa Código de barras Visto por última vez Precio de reemplazo Tipo de ítem Koha
        Biblioteca del Ateneo de Madrid Biblioteca del Ateneo de Madrid Sala Pecera Planta 2 17/01/2008     F-15766-69 1139971 23/02/2023 23/02/2023 Libro impreso